00723nam a22001817a 450000500170000001000150001702000260003203500140005803700130007208200100008510000180009524501090011325000120022226000250023427000840025930000320034350001660037520181020144635.0 aENG-124343 a9789353065607c789.00 aEN-107875 bDBAD/PUB a519.2 aRoss, Sheldon aA first course in probability /cby Sheldon Rossbreal world cases and data sets for hands on learning / a9th ed. aNoidabPearsonc2019 a15th Floor, Tower B, Worls Trade Tower, Plot No.1, Block -CbNoida (UP)e201301 axii,468p.c27cm.(pbk)bill. aIt includes answers to selected problems, solutions to self-test problems and exercises, index, common discrete distributions and common continuous distributions